| 000 | 01010nam a22002417a 4500 | ||
|---|---|---|---|
| 999 |
_c21171 _d21171 |
||
| 003 | AR-CdUCM | ||
| 008 | 190415b ||||| |||| 00| 0 spa d | ||
| 040 |
_aMUNICIPALIDAD PROVINCIAL DEL CUSCO _cBIBLIOTECA MUNICIPAL DEL CUSCO |
||
| 082 |
_a376.541 / P13 _bP13 |
||
| 100 |
_aPacheco Farfán, Juvenal _944242 |
||
| 245 |
_aImportancia de la investigación y la tesis universitaria / _cJuvenal Pacheco Farfán |
||
| 260 |
_aCusco : _bAlpha, _c2018. |
||
| 300 |
_a142 paginas ; _c20 cm. |
||
| 505 | _aContenido : Apreciaciones generales sobre la problemática universitaria nacional -- Importancia de la investigación universitaria -- Nueva ley universitaria Ley N°30220 -- Investigación -- Docentes ... | ||
| 650 |
_aEducación _9460 |
||
| 650 |
_aProblema universitaria _944243 |
||
| 650 |
_aLey universitaria _944244 |
||
| 650 |
_aUniversidades nacionales _944245 |
||
| 650 |
_aInvestigación universitaria _944246 |
||
| 650 |
_aEducación universitaria _91728 |
||
| 942 |
_2ddc _cLIBROS |
||
| 945 | _aRoel | ||